| Tag |
First Indicator |
Second Indicator |
Subfields |
| LEADER |
00000cam a2200000 i 4500 |
| 001 |
in00000665641 |
| 005 |
20151015085837.0 |
| 008 |
800618s1980 txua b 00110 eng |
| 010 |
|
|
|a 79054422
|
| 020 |
|
|
|a 0256022763
|
| 035 |
|
|
|a (OCoLC)06485374
|
| 035 |
|
|
|9 ACY3620AM
|
| 040 |
|
|
|a DLC
|c DLC
|d TXA
|d UtOrBLW
|
| 049 |
|
|
|a TXAM
|c [1385487]
|
| 050 |
0 |
0 |
|a HA29
|b .V29
|
| 082 |
0 |
|
|a 519.5
|
| 100 |
1 |
|
|a Van Matre, Joseph G.
|
| 245 |
1 |
0 |
|a Statistics for business and economics /
|c Joseph G. Van Matre, Glenn H. Gilbreath.
|
| 264 |
|
1 |
|a Dallas, Tex. :
|b Business Publications ;
|a Georgetown, Ont. :
|b Irwin-Dorsey,
|c 1980.
|
| 300 |
|
|
|a xiii, 589 pages :
|b illustrations ;
|c 25 cm.
|
| 336 |
|
|
|a text
|b txt
|2 rdacontent
|
| 337 |
|
|
|a unmediated
|b n
|2 rdamedia
|
| 338 |
|
|
|a volume
|b nc
|2 rdacarrier
|
| 504 |
|
|
|a Includes bibliographies and index.
|
| 650 |
|
0 |
|a Statistics.
|
| 650 |
|
0 |
|a Commercial statistics.
|
| 650 |
|
0 |
|a Economics
|x Statistical methods.
|
| 700 |
1 |
|
|a Gilbreath, Glenn H.
|
| 999 |
|
|
|a MARS
|
| 999 |
f |
f |
|s a5e65198-a87d-3c38-834c-1e7091d21d39
|i 44881178-c347-3dfe-b8bc-2d46a83fc304
|t 0
|
| 952 |
f |
f |
|p ric
|a Texas A&M University
|b Rellis Campus
|c Joint Library Facility
|d Remote Storage
|t 0
|e HA29 .V29
|h Library of Congress classification
|i unmediated -- volume
|m A14802520265
|
| 998 |
f |
f |
|a HA29 .V29
|t 0
|l Remote Storage
|